Antimicrobianos (Registro nro. 305685)

Detalles MARC
000 -ENCABEZADO
Número de control [NR] 01008 a2200265 4500
005 - FECHA Y HORA DE LA ÚLTIMA TRANSACCIÓN
control field 20180622113030.0
008 - DE LONGITUD FIJA DE DATOS DE ELEMENTOS - INFORMACIÓN GENERAL
Elementos de longitud fija [NR] 161213s2007 ck d|||fr|||| 000 0 spa d
020 ## - NUMERO INTERNACIONAL NORMALIZADO PARA LIBROS [R]
Número Internacional Normalizado del libro [NR] 9789589481967 (3a.Ed.)
040 ## - FUENTE DE CATALOGACION [NR]
Agencia de catalogación original [NR] CO-BoUCM
Idioma de catalogación [NR] spa
Quien Cataloga Saul Niño
Quien Clasifica Saul Niño
041 0# - CODIGO DE IDIOMA [R]
Código de idioma para texto/pista de sonido o título separado [R] Español
060 ## - SIGNATURA TOPOGRAFICA DE LA BIBLIOTECA NACIONAL DE MEDICINA (NLM) [R]
Número clasificador [R] QV 350
245 00 - MENCION DE TITULO [NR]
Título [NR] Antimicrobianos
Parte restante del título [NR] guía práctica, manual para uso de antibióticos
Mención de responsabilidad, etc. [NR] editores, Pío López López, Ernesto Martínez Buitrago, Yolanda Caicedo
250 ## - MENCION DE EDICION [NR]
Mención de edición [NR] Tercera edición
260 ## - PUBLICACION, DISTRIBUCION, ETC. (PIE DE IMPRENTA) [R]
Lugar de publicación, distribución, etc. [R] Cali (Colombia)
Nombre del editor, distribuidor, etc. [R] Catorse
Fecha de publicación, distribución, etc. [R] 2007
300 ## - DESCRIPCION FISICA [R]
Extensión [R] 147 páginas
Otros detalles físicos [NR] gráficas
650 #7 - ASIENTO SECUNDARIO DE MATERIA - TERMINO TEMATICO [R]
9 (RLIN) 7275
Término temático o nombre geográfico como elemento de entrada [NR] Antibióticos
Subdivisión general [R] Uso terapéutico
Subdivisión de forma [R] Manuales
650 #7 - ASIENTO SECUNDARIO DE MATERIA - TERMINO TEMATICO [R]
9 (RLIN) 240
Término temático o nombre geográfico como elemento de entrada [NR] Infección
Subdivisión general [R] Tratamiento
Subdivisión de forma [R] Manuales
650 #7 - ASIENTO SECUNDARIO DE MATERIA - TERMINO TEMATICO [R]
9 (RLIN) 26311
Término temático o nombre geográfico como elemento de entrada [NR] Virus
690 #0 - ASUNTO AGREGADO LOCAL DE ENTRADA - TÉRMINO TEMÁTICO (OCLC, RLIN)
Acceso temático local Medicina general
9 (RLIN) 19160
650 #7 - ASIENTO SECUNDARIO DE MATERIA - TERMINO TEMATICO [R]
9 (RLIN) 17562
Término temático o nombre geográfico como elemento de entrada [NR] Infectología
Subdivisión de forma [R] Manuales
700 1# - ASIENTO SECUNDARIO - NOMBRE PERSONAL [R]
Nombre personal [NR] López López, Pío
Término de relación [R] editor
9 (RLIN) 83031
700 1# - ASIENTO SECUNDARIO - NOMBRE PERSONAL [R]
Nombre personal [NR] Martínez Buitrago, Ernesto
Término de relación [R] editor
9 (RLIN) 83032
700 1# - ASIENTO SECUNDARIO - NOMBRE PERSONAL [R]
Nombre personal [NR] Caicedo, Yolanda
Término de relación [R] editor
9 (RLIN) 83033
942 ## - ELEMENTOS DE ENTRADA AGREGADOS (KOHA)
Tipo de ítem principal el descrito en 300a Libro
Sistema de clasificación NLM
Tema principal Medicina
Edición 3
Clasificación QV 350
Parte restante de la signatura top. A631
Título oculto en OPAC No
Existencias
Fecha de último préstamo Total préstamos Total Renewals Signatura topográfica Código de barras Prestado Última vez visto Volúmen / Fascículo Ejemplar Costo de reposición Price effective from Tipo de ítem Perdido Sistema de clasificación Dañado No prestable Tipo de ítem específico Suprimido Ubicación habitual Ubicación actual Localización Fecha de creación Proveedor Forma de adquisición Costo
07/05/2026 3 2 QV 350 A631 100151736 04/07/2026 07/05/2026 3a.Ed. Ej.1 26000.00 12/12/2016 Libro   NLM     Libro   Quinta de Mutis Quinta de Mutis 1er piso 12/12/2016 12 Donación 26000.00